[Event "Biel HTO 57th"]
[Site "Biel"]
[Date "2024.07.25"]
[Round "10"]
[White "Smirnov, Mark"]
[Black "Deuer, Marius"]
[Result "0-1"]
[WhiteElo "2111"]
[BlackElo "2458"]
[PlyCount "58"]
[EventDate "2024.07.15"]
[EventType "swiss"]
[EventRounds "10"]
[EventCountry "SUI"]
[SourceTitle "CBM 221"]
[Source "ChessBase"]
[SourceDate "2024.08.31"]
[SourceVersion "1"]
[SourceVersionDate "2024.08.31"]
[SourceQuality "1"]

1. e4 e5 2. Nf3 Nc6 3. Bb5 a6 4. Ba4 Nf6 5. 0-0 Be7 6. d3 d6 7. c3 0-0 8. h3 b5 9. Bb3 Bb7 10. Be3 Nb8 11. c4 Nbd7 12. a3 bxc4 13. Bxc4 c6 14. Qb3 Rb8 15. Bxf7+ Rxf7 16. Ng5 d5 17. Ba7 Rc8 18. Ne6 Qe8 19. Qxb7 Nc5 20. Nxc5 Bxc5 21. Qxc8 Qxc8 22. Bxc5 Nh5 23. Nc3 Nf4 24. Be3 Nxh3+ 25. gxh3 Qxh3 26. Ne2 d4 27. Bc1 Qg4+ 28. Ng3 h5 29. Kh2 Rf3 0-1

[Event "Biel HTO 57th"]
[Site "Biel"]
[Date "2024.07.19"]
[Round "5"]
[White "Smirnov, Mark"]
[Black "Demchenko, Svitlana"]
[Result "1-0"]
[WhiteElo "2111"]
[BlackElo "2176"]
[PlyCount "70"]
[EventDate "2024.07.15"]
[EventType "swiss"]
[EventRounds "10"]
[EventCountry "SUI"]
[SourceTitle "CBM 221"]
[Source "ChessBase"]
[SourceDate "2024.08.31"]
[SourceVersion "1"]
[SourceVersionDate "2024.08.31"]
[SourceQuality "1"]

1. e4 e5 2. Nc3 Nf6 3. g3 d5 4. exd5 c6 5. d4 exd4 6. Qxd4 cxd5 7. Bg5 Nc6 8. Qa4 Bb4 9. 0-0-0 Bxc3 10. bxc3 h6 11. Qh4 Be6 12. Bxf6 gxf6 13. Bc4 Qe7 14. Bb3 0-0-0 15. Ne2 Ne5 16. Nd4 h5 17. Qf4 Rhg8 18. Rhe1 a5 19. Kb1 Rg4 20. Qh6 b5 21. f4 Rg6 22. Qh7 a4 23. fxe5 axb3 24. axb3 Rdg8 25. Nxe6 Qxe6 26. exf6 Qxf6 27. Rf1 Qg7 28. Qxg7 R8xg7 29. Rxd5 h4 30. gxh4 Rh6 31. h5 f6 32. Rxb5 Rg2 33. Rbf5 Rxh2 34. Rxf6 R6xh5 35. R1f2 Rg5 1-0

[Event "Biel HTO 57th"]
[Site "Biel"]
[Date "2024.07.17"]
[Round "3"]
[White "Sethuraman, SP."]
[Black "Smirnov, Mark"]
[Result "1-0"]
[WhiteElo "2589"]
[BlackElo "2111"]
[PlyCount "49"]
[EventDate "2024.07.15"]
[EventType "swiss"]
[EventRounds "10"]
[EventCountry "SUI"]
[SourceTitle "CBM 221"]
[Source "ChessBase"]
[SourceDate "2024.08.31"]
[SourceVersion "1"]
[SourceVersionDate "2024.08.31"]
[SourceQuality "1"]

1. e4 e5 2. Nf3 Nf6 3. Nxe5 d6 4. Nf3 Nxe4 5. Nc3 Nxc3 6. dxc3 Be7 7. Be3 Nd7 8. Qd2 0-0 9. 0-0-0 Nf6 10. h4 Bg4 11. Be2 d5 12. Ng5 Bxe2 13. Qxe2 Qd7 14. f3 Rfe8 15. Qd3 Bd6 16. Kb1 Re7 17. g4 Rae8 18. Bd4 Be5 19. Bf2 b6 20. Nh3 c6 21. h5 Qd6 22. Bh4 Bf4 23. h6 Re3 24. Qf5 Bg3 25. Qg5 1-0

[Event "Titled Tuesday intern op 09th Jul Early"]
[Site "Chess.com INT"]
[Date "2024.07.09"]
[Round "5"]
[White "Andrews, Todd D"]
[Black "Smirnov, Mark"]
[Result "0-1"]
[WhiteElo "2165"]
[BlackElo "2111"]
[PlyCount "166"]
[EventDate "2024.07.09"]
[EventType "swiss (blitz)"]
[EventRounds "11"]
[EventCountry "USA"]
[SourceTitle "EXT 2025"]
[Source "ChessBase"]
[SourceDate "2024.10.14"]
[SourceVersion "1"]
[SourceVersionDate "2024.10.14"]
[SourceQuality "1"]

1. d4 Nf6 2. c4 e6 3. Nf3 d5 4. Nc3 Bb4 5. e3 0-0 6. Bd3 dxc4 7. Bxc4 c5 8. 0-0 cxd4 9. exd4 b6 10. a3 Bxc3 11. bxc3 Qc7 12. Qd3 Bb7 13. Ne5 Nbd7 14. Bf4 Rac8 15. Nxd7 Qxd7 16. Bb5 Qd5 17. f3 Rfd8 18. Rfd1 Qb3 19. c4 Qxd3 20. Rxd3 a6 21. Ba4 Rxc4 22. Bb3 Rcxd4 23. Rxd4 Rxd4 24. Be5 Rd2 25. Rc1 h6 26. Rc7 Rd7 27. Rc1 Nd5 28. Rd1 f6 29. Bb2 Rc7 30. h4 Kf7 31. h5 Ke7 32. Re1 Kd6 33. Bd4 e5 34. Bf2 Rc3 35. Bxd5 Bxd5 36. Bxb6 Rxa3 37. Rc1 Rb3 38. Bc5+ Kd7 39. Bf8 Rb8 40. Bxg7 Rg8 41. Bxf6 Bxf3 42. Kf2 Ke6 43. Kxf3 Kxf6 44. Rc6+ Kg5 45. Rxa6 Rf8+ 46. Kg3 Kxh5 47. Re6 Rf5 48. Re7 Kg6 49. Re6+ Kg5 50. Re8 h5 51. Rg8+ Kf6 52. Rf8+ Ke6 53. Rh8 Kd5 54. Rd8+ Ke4 55. Kh2 Rg5 56. Rd1 Kf4 57. Rf1+ Ke3 58. Rf3+ Ke2 59. Kh3 e4 60. Rf4 e3 61. g3 Ke1 62. Kh4 Rd5 63. Re4 e2 64. g4 hxg4 65. Kxg4 Kd1 66. Kf3 e1Q 67. Rxe1+ Kxe1 68. Ke3 Rd2 69. Kf3 Rd3+ 70. Ke4 Ke2 71. Kf4 Re3 72. Kg4 Rf3 73. Kh4 Ke3 74. Kg4 Ke4 75. Kg5 Rf4 76. Kg6 Rf5 77. Kh6 Ke5 78. Kg6 Ke6 79. Kg7 Rg5+ 80. Kh6 Kf6 81. Kh7 Rh5+ 82. Kg8 Rh4 83. Kf8 Rh8# 0-1

[Event "Titled Tuesday intern op 09th Jul Early"]
[Site "Chess.com INT"]
[Date "2024.07.09"]
[Round "11"]
[White "Smirnov, Mark"]
[Black "Goltseva, Ekaterina"]
[Result "1/2-1/2"]
[WhiteElo "2111"]
[BlackElo "2356"]
[PlyCount "131"]
[EventDate "2024.07.09"]
[EventType "swiss (blitz)"]
[EventRounds "11"]
[EventCountry "USA"]
[SourceTitle "EXT 2025"]
[Source "ChessBase"]
[SourceDate "2024.10.14"]
[SourceVersion "1"]
[SourceVersionDate "2024.10.14"]
[SourceQuality "1"]

1. e4 c5 2. Nf3 Nf6 3. e5 Nd5 4. Nc3 e6 5. Ne4 f5 6. exf6 Nxf6 7. Nxf6+ Qxf6 8. c3 Nc6 9. d4 d5 10. Bb5 Bd6 11. 0-0 0-0 12. Bg5 Qf7 13. Bh4 h6 14. Bxc6 bxc6 15. Bg3 Bf4 16. Ne5 Bxe5 17. Bxe5 Ba6 18. Qg4 Bxf1 19. Rxf1 cxd4 20. cxd4 Kh7 21. f4 Qg6 22. Qd1 Rac8 23. Rf3 Qe4 24. Rg3 Rf7 25. h4 c5 26. Qg4 Qf5 27. Qxg7+ Rxg7 28. Rxg7+ Kh8 29. Rc7+ Kg8 30. Rxc8+ Kf7 31. Rc7+ Ke8 32. Rxc5 Qb1+ 33. Kh2 Qxa2 34. Rb5 a5 35. h5 Qa4 36. Rb8+ Kf7 37. Rh8 Qd1 38. Rh7+ Ke8 39. Rxh6 Qg4 40. g3 Qe2+ 41. Kh3 Qxb2 42. Rxe6+ Kd7 43. h6 Kxe6 44. h7 Qb1 45. h8Q Qh1+ 46. Kg4 Qxh8 47. Bxh8 a4 48. f5+ Kf7 49. Kf4 a3 50. g4 a2 51. g5 a1Q 52. g6+ Kg8 53. Be5 Qc1+ 54. Kg4 Qg1+ 55. Kf4 Qc1+ 56. Kg4 Qd2 57. Kh5 Qe2+ 58. Kg5 Qd2+ 59. Kf6 Qd3 60. Ke6 Qc4 61. Ke7 Qc6 62. f6 Qb7+ 63. Ke6 Qc6+ 64. Ke7 Qb7+ 65. Ke6 Qc6+ 66. Ke7 1/2-1/2

[Event "Titled Tuesday intern op 09th Jul Early"]
[Site "Chess.com INT"]
[Date "2024.07.09"]
[Round "10"]
[White "Smirnov, Mark"]
[Black "Martinez Reyes, Pedro Ramon"]
[Result "0-1"]
[WhiteElo "2111"]
[BlackElo "2343"]
[PlyCount "90"]
[EventDate "2024.07.09"]
[EventType "swiss (blitz)"]
[EventRounds "11"]
[EventCountry "USA"]
[SourceTitle "EXT 2025"]
[Source "ChessBase"]
[SourceDate "2024.10.14"]
[SourceVersion "1"]
[SourceVersionDate "2024.10.14"]
[SourceQuality "1"]

1. e4 e5 2. Nc3 Nc6 3. g3 Nf6 4. Bg2 Bb4 5. Nge2 0-0 6. 0-0 Nd4 7. Nxd4 exd4 8. Ne2 Re8 9. d3 c5 10. c3 dxc3 11. bxc3 Ba5 12. f4 d6 13. h3 c4 14. Kh2 Qc7 15. Ba3 Bd7 16. Rb1 Bc6 17. Nd4 Bxc3 18. Nxc6 bxc6 19. dxc4 Nxe4 20. Qd3 Nd2 21. Qxc3 Nxb1 22. Rxb1 Re2 23. Rb2 Rae8 24. Qf3 Rxb2 25. Bxb2 c5 26. Qg4 g6 27. h4 Qe7 28. Bc3 Qe3 29. Bf6 Qe6 30. Qg5 Qf5 31. Qxf5 gxf5 32. Bd5 Re2+ 33. Kh3 Rxa2 34. Be7 Ra6 35. h5 Rb6 36. Bd8 Ra6 37. Kh4 h6 38. Bc7 Ra1 39. Bxd6 a5 40. Bxc5 a4 41. Bb4 Rb1 42. Be7 Rb2 43. Kh3 a3 44. c5 a2 45. c6 a1Q 0-1